000 00466nam a2200157 4500
001 118720
003 ES-MaACL
005 20230906191148.0
007 t|
008 070214s1967 sp r ||||1| spa d
100 1 _aPetit Fontserè, Jordi.
_991517
245 1 3 _aLa estructura económica de las Cajas de Ahorros catalanas /
_cJordi Petit Fontserè.
260 _aBarcelona :
_bAriel,
_c1967.
300 _a215 p. ;
_c24 cm.
852 _aES-MaACL
_jC-32570
_bR.63280
999 _c118720
_d118720